Štúdium beta-glukánu ako nosiča bioaktívnych látok pre využitie vo farmakologických kompozíciách

Gespeichert in:
Bibliographische Detailangaben
1. Verfasser: Jakubík, Juraj (Verfasst von)
Weitere Verfasser: Bakoš, Dušan (Betreuung Doktorarbeit)
Format: Manuskript Buch
Sprache:Slowakisch
Veröffentlicht: 2018
Schlagworte:
Online-Zugang:http://is.stuba.sk/zp/portal_zp.pl?podrobnosti=86771
Tags: Tag hinzufügen
Keine Tags, Fügen Sie das erste Tag hinzu!

MARC

LEADER 00000ntm a22000003a 4500
001 stuzp24350
003 SK-STU
005 20181124210216.9
007 ta
008 150427s2015----xo-----f-mn---000-0-slo-d
040 |a STU  |b slo 
041 0 |a slo 
100 1 |a Jakubík, Juraj  |u 049370  |4 aut  |U FCHPT Ústav prírodných a syntetických polymérov  |T FCHPT Oddelenie plastov, kaučuku a vlákien  |X 45313  |U C9370  |Y 128  |7 45313 
242 0 1 |a Study of beta-glucan as a carrier of bioactive substances for use in pharmacological compositions  |y eng 
245 1 0 |a Štúdium beta-glukánu ako nosiča bioaktívnych látok pre využitie vo farmakologických kompozíciách 
260 |c 2018 
650 4 |a beta glucan  |2 slo 
650 4 |a hydrogél  |2 slo 
650 4 |a mletie  |2 slo 
650 4 |a extrakcia  |2 slo 
650 4 |a izolácia  |2 slo 
650 4 |a emulzia  |2 slo 
650 4 |a beta glucan  |2 eng 
650 4 |a isolation  |2 eng 
650 4 |a hydrogel  |2 eng 
650 4 |a emulsion  |2 eng 
650 4 |a extraction  |2 eng 
650 4 |a milling  |2 eng 
700 1 |a Bakoš, Dušan  |u 049370  |k Z2  |4 ths  |U FCHPT Ústav prírodných a syntetických polymérov  |T FCHPT Oddelenie plastov, kaučuku a vlákien  |X 4513  |U C9370  |Y 128  |7 A000004513 
856 4 |u http://is.stuba.sk/zp/portal_zp.pl?podrobnosti=86771